Freedom of Expression versus Scandalization of Court: (Record no. 615624)

000 -LEADER
fixed length control field 00534nam a22001337a 4500
082 ## - DEWEY DECIMAL CLASSIFICATION NUMBER
Classification number 340
Author Mark FAT
100 ## - MAIN ENTRY--PERSONAL NAME
Personal name Fatima, Hira & Sawaid Ul Hassan
245 ## - TITLE STATEMENT
Title Freedom of Expression versus Scandalization of Court:
Remainder of title Examining the need to structure judicial discretion in contempt of court cases in Pakistan /
Statement of responsibility, etc. Hira Fatima & Sawaid Ul Hassan
260 ## - PUBLICATION, DISTRIBUTION, ETC.
Place of publication, distribution, etc. Islamabad :
Name of publisher, distributor, etc. NUST Law School,
Date of publication, distribution, etc. 2025.
300 ## - PHYSICAL DESCRIPTION
Extent 41 p. ;
Dimensions 30 CM.
563 ## - BINDING INFORMATION
Binding note HBK.
856 ## - Uniform Resource Identifier
Uniform Resource Identifier <a href="http://10.250.8.41:8080/xmlui/handle/123456789/56169">http://10.250.8.41:8080/xmlui/handle/123456789/56169</a>
942 ## - ADDED ENTRY ELEMENTS (KOHA)
Source of classification or shelving scheme
Koha item type Project Report
Holdings
Withdrawn status Lost status Source of classification or shelving scheme Damaged status Not for loan Permanent Location Current Location Date acquired Total Checkouts Full call number Barcode Date last seen Price effective from Koha item type
          NUST Law School (NLS) NUST Law School (NLS) 12/18/2025   340 FAT NLSP-12 12/18/2025 12/18/2025 Project Report
© 2023 Central Library, National University of Sciences and Technology. All Rights Reserved.